| Tag |
First Indicator |
Second Indicator |
Subfields |
| LEADER |
00000cam a2200000 4500 |
| 001 |
in00000097824 |
| 005 |
20150925115114.0 |
| 008 |
800402s1954 caua b s00000 eng d |
| 035 |
|
|
|a (OCoLC)06159333
|
| 035 |
|
|
|9 AAL3019AM
|
| 040 |
|
|
|a TXA
|c TXA
|d UtOrBLW
|
| 049 |
|
|
|a TXAM
|c [1128011]
|
| 090 |
|
|
|a TA7
|b .C32 no. 55-2
|
| 110 |
2 |
|
|a University of California, Los Angeles.
|b Department of Engineering.
|
| 245 |
1 |
3 |
|a An engineering analysis of cargo handling--II ;
|b the field study of 1953.
|
| 264 |
|
1 |
|a Los Angeles,
|b [publisher not identified] ;
|c 1954.
|
| 300 |
|
|
|a v, 65 :
|b illustrations, diagrams, tables.
|
| 336 |
|
|
|a text
|b txt
|2 rdacontent
|
| 337 |
|
|
|a unmediated
|b n
|2 rdamedia
|
| 338 |
|
|
|a volume
|b nc
|2 rdacarrier
|
| 490 |
1 |
|
|a California. University. University at Los Angeles. Dept. of Engineering. Report ;
|v no. 55-2
|
| 504 |
|
|
|a Bibliographical footnotes.
|
| 650 |
|
0 |
|a Cargo handling.
|
| 830 |
|
0 |
|a Report (University of California, Los Angeles. Department of Engineering) ;
|v 55-2.
|
| 999 |
|
|
|a MARS
|
| 999 |
f |
f |
|s 91cd75b3-37cb-3e4d-a58f-fbdc8df2a21b
|i bfce3fef-5d22-39d6-a35e-e060e2829f33
|t 0
|
| 952 |
f |
f |
|p ric
|a Texas A&M University
|b Rellis Campus
|c Joint Library Facility
|d Remote Storage
|t 0
|e TA7 .C32 no. 55-2
|h Library of Congress classification
|i unmediated -- volume
|m A14805284703
|
| 998 |
f |
f |
|a TA7 .C32 no. 55-2
|t 0
|l Remote Storage
|